000
00309nam a2200121Ia 4500
005
20251222154418.0
008
251222s9999||||xx |||||||||||||| ||spa||
020
_a
978-9972-57-159-6
082
_a
331.544/Y11
100
_a
"Yamada Fukusaki, Gustavo"
245
0
_a
Migración interna en el Perú
942
_c
LIB
999
_c
35924
_d
35924